000 00928nam a22002417a 4500
999 _c65874
_d65874
005 20240530110847.0
008 201026s2020 ua a f 000 0 ara d
017 _a2019/8166
_bمصر. دار الكتب
020 _a9789777359429
040 _aEG-CaGPL
_cEG-CaGPL
082 0 4 _221
_a641.3/
_bن ت
100 0 _aنادية عبدالمجيد ابو زيد
245 1 0 _aتكنولوجيا الاضافات الغذائية واهميتها الصحية /
_cنادية عبدالمجيد ابو زيد
250 _aط.1
260 _aالقاهرة :
_bدار الوفاء لدنيا الطباعة و النشر،
_c2020.
300 _a143 ص. :
_bايض ؛
_c24 سم.
650 0 7 _2qrmak
_aالامن الغذائى
650 0 7 _2qrmak
_aالغذاء والتغذية
651 _2qrmak
653 0 _aالغذاء - المواد المضافة
942 _2ddc
_cBK